The effect of adding foot reflexology to mulligan mobilization for patients with knee osteoarthritis / (Record no. 177660)

MARC details
000 -LEADER
fixed length control field 05168namaa22004451i 4500
003 - CONTROL NUMBER IDENTIFIER
control field EG-GICUC
005 - أخر تعامل مع التسجيلة
control field 20260121101840.0
008 - FIXED-LENGTH DATA ELEMENTS--GENERAL INFORMATION
fixed length control field 260113s2025 ua a|||frm||| 000 0 eng d
040 ## - CATALOGING SOURCE
Original cataloguing agency EG-GICUC
Language of cataloging eng
Transcribing agency EG-GICUC
Modifying agency EG-GICUC
Description conventions rda
041 0# - LANGUAGE CODE
Language code of text/sound track or separate title eng
Language code of summary or abstract eng
-- ara
049 ## - Acquisition Source
Acquisition Source Deposit
082 04 - DEWEY DECIMAL CLASSIFICATION NUMBER
Classification number 615.82
092 ## - LOCALLY ASSIGNED DEWEY CALL NUMBER (OCLC)
Classification number 615.82
Edition number 21
097 ## - Degree
Degree M.Sc
099 ## - LOCAL FREE-TEXT CALL NUMBER (OCLC)
Local Call Number Cai01.21.09.M.Sc.2025.Ra.E
100 0# - MAIN ENTRY--PERSONAL NAME
Authority record control number or standard number Rania Ahmed Elsayed Nassar,
Preparation preparation.
245 14 - TITLE STATEMENT
Title The effect of adding foot reflexology to mulligan mobilization for patients with knee osteoarthritis /
Statement of responsibility, etc. by Rania Ahmed Elsayed Nassar ; Supervisor Prof. Dr. Noran Ahmed Elbehary, Prof. Dr. Mariam Omran Grace, Prof. Dr. Molham Mahmoud Mohamed.
246 15 - VARYING FORM OF TITLE
Title proper/short title تأثير أضافة تدليك القدم الانعكاسي الي التحريك المفصلي موليجان في حالات خشونة الركبة
264 #0 - PRODUCTION, PUBLICATION, DISTRIBUTION, MANUFACTURE, AND COPYRIGHT NOTICE
Date of production, publication, distribution, manufacture, or copyright notice 2025.
300 ## - PHYSICAL DESCRIPTION
Extent 85 pages :
Other physical details illustrations ;
Dimensions 25 cm. +
Accompanying material CD.
336 ## - CONTENT TYPE
Content type term text
Source rda content
337 ## - MEDIA TYPE
Media type term Unmediated
Source rdamedia
338 ## - CARRIER TYPE
Carrier type term volume
Source rdacarrier
502 ## - DISSERTATION NOTE
Dissertation note Thesis (M.Sc)-Cairo University, 2025
504 ## - BIBLIOGRAPHY, ETC. NOTE
Bibliography, etc. note Bibliography: pages 71-81.
520 #3 - SUMMARY, ETC.
Summary, etc. Objective: to measure the effect of adding Reflexology to Mulligan <br/>mobilization and the conventional treatment for patients with <br/>Osteoarthritis knees. Methods: The participants were assigned into four <br/>equal groups by simple methods of randomization. Reflexology and <br/>Mulligan mobilization group, Mulligan mobilization group, Reflexology <br/>group, and Control group. All participants have been assessed before and <br/>after the treatment program by Numeric Pain Rating Scale (NPRS), Knee <br/>Injury and Osteoarthritis Outcome Score (KOOS) and kinovia app. <br/>Results: Statistical analysis revealed significant within-group <br/>improvements across all four intervention groups after four weeks of <br/>treatment (p < 0.05). All measured outcomes—including pain (NPRS), <br/>knee function (KOOS), and knee range of motions showed significant <br/>enhancement compared to baseline, with greater improvements observed <br/>in the Mulligan mobilization and reflexology groups (p < 0.001). <br/>Between-group comparisons demonstrated statistically significant <br/>differences across all outcome measures (p < 0.05), except between the <br/>Mulligan mobilization and reflexology groups in terms of NPRS and <br/>KOOS (p > 0.05). However, the Mulligan group showed a significantly <br/>greater increase in both knee flexion and extension range of motion post-<br/>treatment compared to the reflexology group. These findings suggest that <br/>both Mulligan mobilization and reflexology interventions were the most <br/>effective overall. Conclusion: Mulligan mobilization and reflexology <br/>group much better results from other groups so it is preferred to add <br/>reflexology to Mulligans to conventional physical therapy in knee <br/>osteoarthritis patients.
520 #3 - SUMMARY, ETC.
Summary, etc. قُسِّم المشاركون إلى أربع مجموعات متساوية باستخدام أساليب عشوائية بسيطة: مجموعة العلاج الانعكاسي وتحريك موليجان، مجموعة تحريك موليجان، مجموعة العلاج الانعكاسي، والمجموعة الضابطة. خضع جميع المشاركين للتقييم قبل وبعد برنامج العلاج باستخدام مقياس نتيجة إصابة الركبة وهشاشة العظام (KOOS)، وتطبيق كينوفيا، ومقياس تقييم الألم الرقمي (NPRS). النتائج: كشف التحليل الإحصائي عن تحسنات كبيرة داخل المجموعة في جميع مجموعات التدخل الأربع بعد أربعة أسابيع من العلاج (p < 0.05). أظهرت جميع النتائج المقاسة - بما في ذلك الألم (NPRS) والوظيفة (KOOS) ونطاق حركة الركبة - تحسنًا كبيرًا مقارنةً بالخط الأساسي، مع ملاحظة تحسنات أكبر في مجموعات تحريك موليجان وعلاج المنعكسات (p < 0.001). حققت مجموعة تحريك موليجان وعلاج المنعكسات نتائج أفضل بكثير من المجموعات الأخرى. لذا فضّلتُ إضافة العلاج الانعكاسي إلى علاج موليجان إلى العلاج الطبيعي التقليدي لمرضى هشاشة العظام في الركبة.
530 ## - ADDITIONAL PHYSICAL FORM AVAILABLE NOTE
Issues CD Issues also as CD.
546 ## - LANGUAGE NOTE
Text Language Text in English and abstract in Arabic & English.
650 #0 - SUBJECT ADDED ENTRY--TOPICAL TERM
Topical term or geographic name entry element Physical Therapy
650 #0 - SUBJECT ADDED ENTRY--TOPICAL TERM
Topical term or geographic name entry element العلاج الطبيعي
653 #1 - INDEX TERM--UNCONTROLLED
Uncontrolled term Reflexology
-- Mulligan
-- knee osteoarthritis
-- العلاج الانعكاسي
-- موليجان
700 0# - ADDED ENTRY--PERSONAL NAME
Personal name Noran Ahmed Elbehary
Relator term thesis advisor.
700 0# - ADDED ENTRY--PERSONAL NAME
Personal name Mariam Omran Grace
Relator term thesis advisor.
700 0# - ADDED ENTRY--PERSONAL NAME
Personal name Molham Mahmoud Mohamed
Relator term thesis advisor.
900 ## - Thesis Information
Grant date 01-01-2025
Supervisory body Noran Ahmed Elbehary
-- Mariam Omran Grace
-- Molham Mahmoud Mohamed
Universities Cairo University
Faculties Faculty of Physical Therapy
Department Department of Basic Science
905 ## - Cataloger and Reviser Names
Cataloger Name Shimaa
Reviser Names Eman Ghareb
942 ## - ADDED ENTRY ELEMENTS (KOHA)
Source of classification or shelving scheme Dewey Decimal Classification
Koha item type Thesis
Edition 21
Suppress in OPAC No
Holdings
Source of classification or shelving scheme Home library Current library Date acquired Inventory number Full call number Barcode Date last seen Effective from Koha item type
Dewey Decimal Classification المكتبة المركزبة الجديدة - جامعة القاهرة قاعة الرسائل الجامعية - الدور الاول 13.01.2026 93131 Cai01.21.09.M.Sc.2025.Ra.E 01010110093131000 13.01.2026 13.01.2026 Thesis
Cairo University Libraries Portal Implemented & Customized by: Eng. M. Mohamady Contacts: new-lib@cl.cu.edu.eg | cnul@cl.cu.edu.eg
CUCL logo CNUL logo
© All rights reserved — Cairo University Libraries
CUCL logo
Implemented & Customized by: Eng. M. Mohamady Contact: new-lib@cl.cu.edu.eg © All rights reserved — New Central Library
CNUL logo
Implemented & Customized by: Eng. M. Mohamady Contact: cnul@cl.cu.edu.eg © All rights reserved — Cairo National University Library